01266 2200181 4500001002100000005001500021035002000036245004400056100001500100250001700115300003200132260003500164082000800199084001400207020001800221650001800239520082700257INLIS00000000000092720250317110525 a0010-03250000231 aTeguh Penyuluh yang Andal /cAhmad Yani0 aAhmad Yani acetakan ke-1 aiv, 60 hlm :bilus ;c29 cm aJakarta :bGaneca Exact,c2006 a813 a813 AHM t a978-744-326-4 4aCerita Pendek aTeguh mengalami peristiwa yang tidak terduga. la ditubruk seorang penjahat yang lari diburu massa ketika mengasong di terminal. Korban penjahat itu ialah Ibu Nurtita, seorang penyuluh yang bekerja di sebuah lembaga penelitian dan pengembangan teknologi mineral. Penjahat itu membawa lari dompet Ibu Nurtita. Namun, dompet itu terjatuh dan masuk ke kotak dagangan Teguh. Lalu, apa yang akan dialami Teguh? Apakah ia akan dituduh bekerja sama dengan penjahat itu? Selain itu, dari kisah ini kalian juga akan belajar manfaat dan cara-cara penggunaan briket batu bara. Lalu, apa hubungannya dengan Teguh? Ternyata, Teguh menjadi seorang penyuluh yang menjelaskan mengenai briket batu bara. Bagaimana ia bisa menjadi seorang penyuluh? Siapa yang mengajarinya? Nah teman-teman, mari kita ikuti kisah Teguh yang menarik ini!